00289nam a22000977a 4500008004100000082001600041100001700057245006400074260004500138300000800183230620b xxu||||| |||| 00| 0 eng d a320.96bMUL cAndrw Mullei aKenya's Democratic TransitionbChallenges and opportunities bAfrican centre for economic growthc2002 a27p